[Event "FIDE Zonal 2.5"]
[Site "Villa Martelli-Vicente Lopez"]
[Date "2017.05.04"]
[Round "5"]
[White "Mareco, Sandro"]
[Black "Morovic Fernandez, Ivan"]
[Result "1-0"]
[WhiteElo "2655"]
[BlackElo "2527"]
[Annotator "TA"]
[PlyCount "55"]
[EventDate "2017.??.??"]
[EventType "swiss"]
[EventCountry "ARG"]
[SourceTitle "playchess.com"]
[Source "ChessBase"]
[SourceQuality "1"]

{[%evp 16,55,30,20,18,22,27,17,29,29,21,10,12,12,23,4,40,20,24,31,22,0,149,161,198,187,306,189,176,192,251,256,377,298,642,358,1182,1151,4994,654,4922,2864]} 1. d4 Nf6 2. c4 e6 3. Nf3 b6 4. g3 Bb7 5. Bg2 Bb4+ 6. Bd2 Bxd2+ 7. Qxd2 O-O 8. O-O d6 {[%cal Bd7d6,Bd6d5][%mdl 32]} 9. Qf4 {LiveBook: 14 Games. E16: Queen's Indian: 4 g3 Bb7 5 Bg2 Bb4+} Ne4 10. Rd1 $146 ({Predecessor (2):} 10. Nfd2 e5 11. Qe3 Nxd2 12. Bxb7 Nxf1 13. Kxf1 Nd7 14. Bxa8 Qxa8 15. Kg1 e4 16. Nc3 Nf6 {½-½ (27) Jumabayev,R (2550)-Lysyj,I (2617) Martuni 2009}) 10... f5 11. Qe3 {White has an edge.} Qf6 12. Nfd2 {[%cal Rd2e4]} d5 13. Nxe4 fxe4 14. Nc3 Nd7 15. Bh3 {[#] aiming for cxd5.} Rad8 16. Nb5 {[%cal Bc3b5,Bb5d4,Bd4e6][%mdl 32]} c5 17. cxd5 exd5 18. Rac1 {[%cal Rd4c5]} (18. Nc7 $5 {[%cal Rc7e6]}) 18... cxd4 (18... a6 $11 19. Nc7 Rf7) 19. Nxd4 $16 ({But not} 19. Qxd4 $6 Ne5 $11) 19... Ne5 {[#]} 20. Ne6 $1 d4 (20... Bc8 $142 21. Rxc8 (21. Nxf8 Bxh3 22. Rc7 Kxf8 23. Rxa7 Ng4 $17) 21... Rxc8) 21. Rxd4 ({Not} 21. Nxd4 Nd3 22. exd3 Rxd4 $16) 21... Rxd4 22. Nxd4 Rd8 (22... Nc6 $142) 23. Ne6 Rd6 (23... Rc8 $142 24. Rxc8+ Bxc8) 24. Ng5 Qd8 $2 (24... Nf7) 25. f4 exf3 $2 (25... Rd1+ 26. Rxd1 Qxd1+ 27. Kf2 Nd7 28. Be6+ Kf8 29. Nxh7+ Ke7) 26. Qxe5 $18 {White threatens Be6+ and mate.White is clearly winning.} f2+ 27. Kxf2 {Threatening mate with Be6+.} Rf6+ 28. Kg1 {Precision: White = 78%, Black = 31%.} 1-0

[Event "FIDE Zonal 2.5"]
[Site "Villa Martelli-Vicente Lopez"]
[Date "2017.05.04"]
[Round "5"]
[White "Vasquez Schroeder, Rodrigo"]
[Black "Della Morte, German"]
[Result "1-0"]
[WhiteElo "2554"]
[BlackElo "2375"]
[Annotator "TA"]
[PlyCount "93"]
[EventDate "2017.??.??"]
[EventType "swiss"]
[EventCountry "ARG"]
[SourceTitle "playchess.com"]
[Source "ChessBase"]
[SourceQuality "1"]

{[%evp 32,93,94,93,223,215,223,220,221,218,218,195,193,194,228,228,217,168,169,158,211,211,214,212,235,211,340,183,387,386,632,597,793,526,995,964,925,377,345,343,350,358,349,293,366,177,316,258,770,761,851,703,1182,976,1022,1047,29986,29987,29988,29989,29992,29993,29996,29997]} 1. e4 c5 2. Nf3 d6 3. d4 cxd4 4. Nxd4 Nf6 5. Nc3 g6 6. Be3 Bg7 7. f3 O-O 8. Qd2 Nc6 9. O-O-O Nxd4 10. Bxd4 Be6 11. Kb1 Qc7 12. g4 Rfc8 13. h4 {[%cal Bh2h4,Bh4h5,Bh5h6][%mdl 32]} Qa5 14. a3 Rab8 15. h5 b5 16. h6 Bh8 {[#] B76: Sicilian Dragon: Yugoslav Attack, 9 g4 and 9 0-0-0} 17. g5 $1 {[%cal Rg5f6] LiveBook: 8 Games} (17. Nd5 Qxd2 18. Rxd2 Bxd5 19. exd5 Rc7 20. Be3 Nd7 21. f4 b4 22. a4 Bc3 23. Rd3 Bh8 24. Rd1 Nb6 25. Bxb6 Rxb6 26. Rh3 a5 27. Bb5 Rbb7 28. Rd2 Rb8 29. Ka2 Rbc8 {½-½ (29) Chripko,L (2560)-Joppich,U (2445) ICCF email 2010}) 17... Ne8 (17... b4 $16 18. Nb5 Ne8) 18. Nd5 $18 Qd8 {White is clearly better.} 19. Bxa7 Bxd5 $146 ({Predecessor:} 19... Ra8 20. Bb6 Qd7 21. Nb4 f6 22. f4 Qb7 23. Bd4 Bg4 24. Be2 Bxe2 25. Qxe2 {½-½ (37) Benza,A (2295)-Olenin,N (2394) Tula 2007}) 20. exd5 Rb7 21. Bd4 Bxd4 22. Qxd4 Qc7 23. c3 Qc5 24. Bh3 Qxd4 25. Rxd4 ({But not} 25. cxd4 $6 Ra8 $16) 25... Rc5 (25... Rcb8 $16 26. Re1 f5 27. gxf6 Nxf6 28. Be6+ Kh8) 26. Re1 Kf8 27. f4 Nc7 28. Red1 Na8 (28... Ra7 {is a better defense.} 29. f5 gxf5 30. Bxf5 e5) 29. Rf1 (29. f5 $142 gxf5 30. Bxf5) 29... Kg8 $2 (29... f5 30. gxf6 exf6) 30. f5 gxf5 $2 (30... Rc4 31. fxg6 hxg6 32. h7+ Kxh7 33. Rxf7+ Kg8) 31. Bxf5 Rb8 32. Re4 Rc7 33. Ref4 Nb6 {[#]} 34. Be4 (34. Bxh7+ $142 $1 {[%mdl 512]} Kxh7 35. Rxf7+ Kg6 36. Rg7+ Kh5 37. Rh1+ Kg4 38. h7) 34... Rf8 35. g6 hxg6 {[#]} 36. Bxg6 $1 {[%mdl 512]} f6 (36... fxg6 37. Rxf8+) 37. Bf5 Kh8 38. Be6 (38. Rg4 $142 Nc4 39. Re1) 38... Na4 (38... Rc4 $142 39. b3 Rxc3) 39. Rg4 {Intending h7! and mate.} Nc5 $2 (39... Rc4 40. Rg7 Rh4) 40. Bf5 e5 41. dxe6 {[%cal Bd5e6,Be6e7][%mdl 32]} Nb3 42. Kc2 Na5 43. Rfg1 {h7 would kill now.} Nc4 44. R1g3 {White mates.} Re8 45. h7 Rcc8 46. e7 Rb8 {[#]} 47. Rg8+ $1 {Precision: White = 66%, Black = 45%.} 1-0

[Event "FIDE Zonal 2.5"]
[Site "Villa Martelli-Vicente Lopez"]
[Date "2017.05.04"]
[Round "5"]
[White "Vasquez Schroeder, Rodrigo"]
[Black "Della Morte, German"]
[Result "*"]
[WhiteElo "2554"]
[BlackElo "2375"]
[Annotator "TA"]
[PlyCount "41"]
[EventDate "2017.??.??"]
[EventType "swiss"]
[EventCountry "ARG"]
[SourceTitle "playchess.com"]
[Source "ChessBase"]
[SourceQuality "1"]

{[%evp 17,41,11,45,50,45,48,34,16,24,22,33,30,62,23,26,4,9,0,0,-8,-8,-17,0,-1,29,27]} 1. e4 e5 2. Nf3 Nc6 3. Bb5 {[%cal Bf1b5,Bb5a4,Ba4b3][%mdl 32]} a6 4. Ba4 Nf6 {[%cal Bg8f6,Bf6d7,Bd7b6][%mdl 32]} 5. O-O Be7 6. Re1 b5 7. Bb3 d6 8. c3 O-O 9. d4 Nd7 10. Nbd2 {C91: Closed Ruy Lopez: 7...d6 8 c3 0-0 9 d4} (10. h3 Bf6 11. a4 Bb7 12. d5 Ne7 13. axb5 axb5 14. Rxa8 Qxa8 15. Na3 Ba6 16. Nc2 Nc5 17. Ne3 Nxb3 18. Qxb3 g6 19. Bd2 Bg7 20. Ra1 Qc8 21. Qb4 Qb7 22. c4 bxc4 23. Qxb7 Bxb7 24. Ra7 {1-0 (57) Sutovsky,E (2665)-Bologan,V (2700) Sochi 2005}) 10... Na5 11. Bc2 c5 12. d5 {White is slightly better.} Nb6 13. Nf1 Bf6 $146 ({Predecessor:} 13... f5 14. exf5 Bxf5 15. Bxf5 Rxf5 16. Ng3 Rf8 17. Ne4 h6 18. b3 {½-½ (52) Deen Cowell,N (1662)-Yu,D (1908) Canberra 2010}) 14. b3 g6 15. h3 Bg7 16. g4 Nb7 17. Bg5 Qc7 18. Ng3 c4 19. b4 a5 20. a3 {[%cal Ba2a3,Ba3b4][%mdl 32]} axb4 21. axb4 {Precision: White = 65%, Black = 62%.} *

[Event "FIDE Zonal 2.5"]
[Site "Villa Martelli-Vicente Lopez"]
[Date "2017.05.04"]
[Round "5"]
[White "Krysa, Leandro"]
[Black "Real De Azua, Ernesto"]
[Result "1-0"]
[WhiteElo "2517"]
[BlackElo "2478"]
[Annotator "TA"]
[PlyCount "39"]
[EventDate "2017.??.??"]
[EventType "swiss"]
[EventCountry "ARG"]
[SourceTitle "playchess.com"]
[Source "ChessBase"]
[SourceQuality "1"]

{[%evp 13,39,-19,-8,-18,-1,0,0,-8,54,35,87,81,85,87,104,98,118,120,156,168,203,204,197,210,193,188,300,294]} 1. d4 Nf6 2. c4 e6 3. Nc3 Bb4 4. Nf3 b6 5. Qb3 c5 6. a3 Ba5 7. dxc5 {E21: Nimzo-Indian: 4 Nf3} (7. Bd2 O-O 8. e3 Nc6 9. Be2 d5 10. O-O cxd4 11. exd4 Bxc3 12. Bxc3 dxc4 13. Bxc4 Bb7 14. Rfe1 Ne7 {1-0 (31) Tran,T (2503)-Michalik,P (2578) Ho Chi Minh City 2017}) 7... bxc5 {LiveBook: 5 Games} 8. Bf4 Nc6 9. O-O-O {The position is equal.} O-O 10. e3 Qb6 (10... Re8 $11) 11. Qxb6 $14 axb6 {[#]} ({Black should play} 11... Bxb6 $14 12. Bd6 Rd8) 12. Nb5 $1 $16 Ne4 13. Bg3 $1 h6 $146 ({Predecessor:} 13... Nxg3 14. hxg3 h6 {1-0 (30) Marcetic,N (2401)-Milanovic,D (2428) Belgrade 2004}) 14. Bd3 $36 {[%cal Bf1d3,Bd3c2,Bc2a4][%mdl 2080] White has strong initiative.} f5 15. Nd6 Nxg3 16. hxg3 {[%cal Bh2g3,Bg3g4][%mdl 32]} Ba6 17. Bc2 Ra7 18. Ba4 Rfa8 19. Rh4 Kf8 (19... Rc7 $142 20. g4 fxg4 21. Rxg4 Rf8) 20. g4 {Precision: White = 98%, Black = 29%.} 1-0

[Event "FIDE Zonal 2.5"]
[Site "Villa Martelli-Vicente Lopez"]
[Date "2017.05.04"]
[Round "5"]
[White "Valerga, Diego"]
[Black "Peralta, Fernando"]
[Result "0-1"]
[WhiteElo "2460"]
[BlackElo "2565"]
[Annotator "TA"]
[PlyCount "58"]
[EventDate "2017.??.??"]
[EventType "swiss"]
[EventCountry "ARG"]
[SourceTitle "playchess.com"]
[Source "ChessBase"]
[SourceQuality "1"]

{[%evp 15,58,0,10,0,6,-2,0,-33,-10,-14,-22,-72,-76,-66,-72,-103,-81,-97,-79,-81,-73,-153,-145,-218,-113,-92,-96,-87,49,-237,-244,-230,-237,-258,-254,-270,-264,-468,-392,-1063,-1085,-29996,-29997,-29997,-29998]} 1. e4 e6 2. d4 d5 3. Nc3 Nf6 4. Bg5 Bb4 5. Nge2 dxe4 6. a3 Be7 7. Bxf6 Bxf6 8. Nxe4 O-O 9. Qd2 {C12: French: Classical System: McCutcheon Variation} Nd7 10. O-O-O Be7 11. g3 {The position is equal.} c6 $146 ({Predecessor:} 11... b5 12. Bg2 Rb8 13. d5 e5 14. d6 cxd6 15. Nxd6 Nc5 16. Nxc8 Qxc8 {0-1 (26) Friedrich,N (2325)-Lputian,S (2610) Berlin West 1989}) 12. Bg2 b5 13. h4 Rb8 14. Nf4 b4 15. axb4 Bxb4 16. c3 Be7 17. Qc2 Qa5 18. Kd2 {[#]} (18. Nd3 $142) 18... e5 $1 $17 {[%cal Re5f4]} 19. Ng5 {[#]} (19. b4 $17 {keeps fighting.} Bxb4 20. cxb4 Qxb4+ 21. Qc3 (21. Ke3 $2 exf4+ 22. Kxf4 c5 $19) 21... exf4 22. Qxb4 Rxb4 23. Kc3) 19... Nf6 ({Black should try} 19... g6 $1 $19 20. Ne2 (20. Ra1 $2 Qb6 21. Nd3 exd4 22. cxd4 Ba6 $17) 20... exd4 21. Nxd4 Ne5) 20. dxe5 Qxe5 21. Rhe1 Qc5 ({Black should play} 21... Qa5 $17 {And now ...Bg4 would win.} 22. Nd3 (22. Rxe7 Qd8+ 23. Kc1 Qxe7 24. Bxc6 g6 $17) 22... Bf5) 22. b4 $2 {[%mdl 8192]} (22. Kc1 $14 {stays ahead.} Bf5 23. Nd3) 22... Qxf2+ $19 23. Kc1 Qxg3 24. Rxe7 {Threatens to win with Nh5.} Qxf4+ 25. Qd2 Qc4 {aiming for ...Rxb4.} ({Much less strong is} 25... Qxh4 26. Nf3 Qg3 27. Bh1 $19) 26. Rc7 $2 (26. Bf1 {was necessary.} Qxh4 27. Nf3) 26... Rxb4 {[%cal Bb8b4,Bb4b1,Bb1b2][%mdl 32]} 27. Rxc6 $2 {[#]} (27. Qd4) 27... Bf5 $1 {[%csl Gf5][%cal Rb4b1][%mdl 512]} 28. Qd6 Rb1+ 29. Kd2 Rb2+ {Precision: White = 29%, Black = 78%.} 0-1

[Event "FIDE Zonal 2.5"]
[Site "Villa Martelli-Vicente Lopez"]
[Date "2017.05.04"]
[Round "5"]
[White "Sosa, Tomas"]
[Black "Benoit, Rodrigo"]
[Result "1-0"]
[WhiteElo "2459"]
[BlackElo "2151"]
[Annotator "TA"]
[PlyCount "93"]
[EventDate "2017.??.??"]
[EventType "swiss"]
[EventCountry "ARG"]
[SourceTitle "playchess.com"]
[Source "ChessBase"]
[SourceQuality "1"]

{[%evp 30,93,77,71,116,93,199,196,218,214,226,224,247,204,191,181,241,227,233,159,161,166,211,211,214,214,240,227,316,186,394,412,708,702,816,497,1010,985,944,410,408,388,375,399,355,377,364,202,340,276,807,807,931,742,1034,1019,1127,1078,29986,29987,29988,29989,29992,29993,29996,29997]} 1. e4 c5 2. Nf3 d6 3. d4 cxd4 4. Nxd4 Nf6 5. Nc3 g6 6. Be3 Bg7 7. f3 O-O 8. Qd2 Nc6 9. O-O-O Nxd4 10. Bxd4 Be6 11. Kb1 Qc7 12. g4 Rfc8 13. h4 {[%cal Bh2h4,Bh4h5,Bh5h6][%mdl 32]} Qa5 14. a3 Rab8 15. h5 b5 16. h6 Bh8 {[#] B76: Sicilian Dragon: Yugoslav Attack, 9 g4 and 9 0-0-0} 17. g5 $1 {[%cal Rg5f6]} (17. Nd5 Qxd2 18. Rxd2 Bxd5 19. exd5 Rc7 20. Be3 Nd7 21. f4 b4 22. a4 Bc3 23. Rd3 Bh8 24. Rd1 Nb6 25. Bxb6 Rxb6 26. Rh3 a5 27. Bb5 Rbb7 28. Rd2 Rb8 29. Ka2 Rbc8 {½-½ (29) Chripko,L (2560)-Joppich,U (2445) ICCF email 2010}) 17... Ne8 (17... Nd7 $16 {is a better defense.}) 18. Nd5 $18 Qd8 {White is clearly better.} 19. Bxa7 Bxd5 $146 ({Predecessor:} 19... Ra8 20. Bb6 Qd7 21. Nb4 f6 22. f4 Qb7 23. Bd4 Bg4 24. Be2 Bxe2 25. Qxe2 {½-½ (37) Benza,A (2295)-Olenin,N (2394) Tula 2007}) 20. exd5 Rb7 21. Bd4 Bxd4 22. Qxd4 Qc7 (22... Qb6 {was worth a try.} 23. Qxb6 Rxb6) 23. c3 Qc5 24. Bh3 Qxd4 25. Rxd4 ({Don't take} 25. cxd4 Rcb8 $16) 25... Rc5 26. Re1 Kf8 27. f4 Nc7 28. Red1 Na8 29. Rf1 (29. f5 $142 gxf5 30. Rf1) 29... Kg8 $2 (29... f5 30. gxf6 exf6) 30. f5 gxf5 (30... Rc4 $142 31. fxg6 hxg6 32. h7+ Kxh7 33. Rxf7+ Kg8) 31. Bxf5 Rb8 32. Re4 Rc7 (32... Re8 $142 33. Bd7 Rf8 34. Rxe7 Rc7) 33. Ref4 Nb6 {[#]} 34. Be4 (34. Bxh7+ $142 $1 {[%mdl 512]} Kxh7 35. Rxf7+ Kg6 36. Rg7+ Kh5 37. Rh1+ Kg4 38. h7) 34... Rf8 35. g6 hxg6 {[#]} 36. Bxg6 $1 {[%mdl 512]} f6 (36... fxg6 37. Rxf8+) 37. Bf5 Kh8 38. Be6 (38. Rg4 $142 Nc4 39. Re1) 38... Na4 (38... Rc4 $142 39. b3 Rxf4 40. Rxf4 Na8) 39. Rg4 {h7! would kill now.} Nc5 $2 (39... Rc4 40. Rg7 Rh4) 40. Bf5 e5 41. dxe6 {[%cal Bd5e6,Be6e7][%mdl 32]} Nb3 42. Kc2 Na5 43. Rfg1 {White threatens h7 and mate.} Nc4 44. R1g3 {White mates.} Re8 45. h7 Rcc8 {[#]} 46. e7 $1 Rb8 {[#]} (46... Rxe7 47. Rg8+) 47. Rg8+ $1 {Precision: White = 77%, Black = 44%.} 1-0

[Event "FIDE Zonal 2.5"]
[Site "Villa Martelli-Vicente Lopez"]
[Date "2017.05.04"]
[Round "5"]
[White "Sosa, Tomas"]
[Black "Benoit, Rodrigo"]
[Result "*"]
[WhiteElo "2459"]
[BlackElo "2151"]
[Annotator "TA"]
[PlyCount "35"]
[EventDate "2017.??.??"]
[EventType "swiss"]
[EventCountry "ARG"]
[SourceTitle "playchess.com"]
[Source "ChessBase"]
[SourceQuality "1"]

{[%evp 18,35,65,37,51,32,49,39,82,83,66,71,108,82,86,91,102,80,105,79]} 1. d4 g6 2. e4 Bg7 3. Nf3 d6 4. Be2 Nf6 5. Nc3 O-O 6. O-O c6 7. a4 a5 8. h3 Na6 9. Re1 Nb4 10. Bf1 {LiveBook: 25 Games} d5 {B08: Pirc Defence: Classical System} (10... e5 11. Be3 Re8 12. dxe5 dxe5 13. Qc1 Qc7 14. Bc4 b6 15. Ng5 Rf8 16. Rd1 h6 17. Nf3 Kh7 18. Rd2 {½-½ (70) Cabezas Ayala,I (2318)-Manolache,M (2492) Pontevedra 2016}) 11. exd5 Bf5 $146 ({Predecessor:} 11... cxd5 12. Nb5 Bf5 13. Na3 Ne4 14. c3 Nc6 15. Nb5 h6 16. Nh4 Bc8 17. Be3 e5 18. Nf3 exd4 19. Nbxd4 {½-½ (27) Hosek,M (2265)-Stehno,P (2252) Czechia 2002}) 12. Re2 cxd5 {White is slightly better.} 13. Nb5 Ne4 14. Bf4 Bd7 {White is better.} 15. c3 Na6 16. Qb3 Bc6 17. Ne5 Qb6 18. Qa2 {Precision: White = 64%, Black = 84%.} *

[Event "FIDE Zonal 2.5"]
[Site "Villa Martelli-Vicente Lopez"]
[Date "2017.05.04"]
[Round "5"]
[White "Salinas Herrera, Pablo"]
[Black "Dolezal, Cristian"]
[Result "1-0"]
[WhiteElo "2453"]
[BlackElo "2401"]
[Annotator "TA"]
[PlyCount "107"]
[EventDate "2017.??.??"]
[EventType "swiss"]
[EventCountry "ARG"]
[SourceTitle "playchess.com"]
[Source "ChessBase"]
[SourceQuality "1"]

{[%evp 18,107,57,23,56,39,38,40,68,77,91,102,96,100,88,97,92,93,113,84,385,377,356,361,393,402,396,407,379,327,332,336,365,361,359,339,344,283,527,488,525,506,631,543,620,561,560,524,680,492,511,515,520,518,518,504,504,497,497,495,530,529,528,526,536,537,537,508,544,543,537,529,699,674,750,743,743,739,798,766,1327,1266,825,808,1379,1230,1602,772,6625,6149,6056,5930]} 1. d4 g6 2. e4 Bg7 3. Nf3 d6 4. Be2 Nf6 5. Nc3 O-O 6. O-O c6 7. a4 a5 8. h3 Na6 9. Re1 Nb4 10. Bf1 {LiveBook: 25 Games} d5 {B08: Pirc Defence: Classical System} (10... e5 11. Be3 Re8 12. dxe5 dxe5 13. Qc1 Qc7 14. Bc4 b6 15. Ng5 Rf8 16. Rd1 h6 17. Nf3 Kh7 18. Rd2 {½-½ (70) Cabezas Ayala,I (2318)-Manolache,M (2492) Pontevedra 2016}) 11. exd5 (11. e5 $5 {[%cal Re5f6]} Ne8 12. Nb1 $14) 11... Bf5 $146 ({Predecessor:} 11... cxd5 12. Nb5 Bf5 13. Na3 Ne4 14. c3 Nc6 15. Nb5 h6 16. Nh4 Bc8 17. Be3 e5 18. Nf3 exd4 19. Nbxd4 {½-½ (27) Hosek,M (2265)-Stehno,P (2252) Czechia 2002}) 12. Re2 cxd5 {White is slightly better.} 13. Nb5 Ne4 14. Bf4 Bd7 15. c3 Na6 16. Qb3 Bc6 17. Ne5 Qb6 18. Qa2 Rad8 $2 {[%mdl 8192] [#]} (18... Qd8 $16 {is more resistant.}) 19. Rxe4 $1 $18 {[%mdl 512]} dxe4 20. Nc4 Bd5 21. Nxb6 Bxa2 22. Rxa2 e5 23. Be3 ({Don't take} 23. dxe5 Rd1 24. Nc4 Nc5 $18) 23... exd4 24. Nxd4 (24. cxd4 Nb4 $18) 24... Nb4 25. Ra1 Bxd4 26. cxd4 ({Resist} 26. Bxd4 Nc2 $18) 26... Nc2 27. Rd1 f5 $2 (27... Rd6) 28. Bc4+ {White is clearly winning.} Kg7 29. Bf4 Rfe8 30. Nd5 h6 31. Bb3 g5 32. Be5+ Kg6 33. Bxc2 Rxd5 34. g4 b5 35. axb5 Rxb5 36. Ba4 Rexe5 37. dxe5 Rxe5 {[%mdl 4096] Endgame KRB-KR} 38. Rd6+ Kg7 39. gxf5 Rxf5 40. Re6 Rf4 41. Bc2 Rf5 42. Rxe4 Rb5 43. b3 Kf6 44. Rc4 Rd5 45. Rc6+ Ke5 46. Rxh6 Rc5 47. Bh7 Rb5 48. Bg8 Kd4 49. Bc4 Re5 50. Ra6 Kc3 51. Kg2 Kb4 52. Kg3 Rf5 53. Rb6+ Kc3 54. Rb5 {Precision: White = 91%, Black = 38%.} 1-0

[Event "FIDE Zonal 2.5"]
[Site "Villa Martelli-Vicente Lopez"]
[Date "2017.05.05"]
[Round "6"]
[White "Peralta, Fernando"]
[Black "Pierrot, Facundo"]
[Result "0-1"]
[WhiteElo "2565"]
[BlackElo "2392"]
[Annotator "TA"]
[PlyCount "88"]
[EventDate "2017.??.??"]
[EventType "swiss"]
[EventCountry "ARG"]
[SourceTitle "playchess.com"]
[Source "ChessBase"]
[SourceQuality "1"]

{[%evp 22,88,19,22,52,52,60,56,55,0,70,13,67,70,75,64,74,26,33,35,60,32,32,23,27,23,44,41,57,51,56,13,27,0,0,6,6,11,5,-16,-13,-18,-20,-34,-29,-29,0,0,0,-14,0,0,0,0,34,31,50,57,52,69,65,15,44,0,0,-183,0,-763,-755]} 1. d4 Nf6 2. c4 g6 3. Nc3 d5 4. cxd5 Nxd5 5. e4 Nxc3 6. bxc3 Bg7 7. Bb5+ c6 8. Ba4 O-O 9. Ne2 e5 10. O-O Nd7 11. Bb3 Qe7 12. Qc2 {LiveBook: 15 Games. D85: Exchange Grünfeld: Unusual White 7th moves and lines with 7 Nf3} b6 13. a4 {[#]} Ba6 $146 ({Predecessor:} 13... exd4 14. cxd4 Ba6 15. Rd1 Nc5 16. Ba3 Qxe4 17. Qxe4 Nxe4 18. Bxf8 Bxe2 19. Re1 Bxd4 20. Rxe2 Bxa1 {0-1 (43) Dao,T (2580)-Ivanchuk,V (2730) Cap d'Agde 1998}) 14. Ba3 $1 {[%cal Ra3e7] White is slightly better.} c5 {[%cal Re5d4]} 15. Rad1 (15. d5 $14) 15... Rfe8 ({Black should try} 15... Qh4 $11) 16. f3 (16. d5 $14) 16... Rad8 (16... exd4 $11 17. cxd4 Qg5) 17. d5 $1 $14 Nf6 {[%cal Bd7f6,Bf6e8,Be8d6][%mdl 32]} 18. Qa2 Rf8 19. Bc4 Qb7 20. Bb2 Ne8 21. Bxa6 Qxa6 22. c4 Nd6 23. Rc1 Rde8 24. Qb3 Qb7 25. Rc2 Qd7 26. a5 Rb8 (26... bxa5 $5 27. Nc1 a4 $16) 27. Qa2 b5 28. cxb5 Qxb5 29. Bc1 {[%cal Bb2c1,Bc1g5,Bg5e3][%mdl 32]} Rfc8 30. Bg5 c4 31. Be3 Qa6 32. Rb1 Rxb1+ 33. Qxb1 Qxa5 (33... Nb5 $5 {[%cal Rb5a3]} 34. Qa1 c3 $11) 34. Ra2 $36 {[%mdl 2048] White has good play.} Qb5 35. Rb2 Qd7 36. Nc3 a5 37. Rb6 a4 38. Ra6 Qc7 39. Qb4 Bf8 $1 {...Nf5 is the strong threat.} 40. Qxa4 Rb8 {[%cal Bc8b8,Bb8b3,Bb3c3][%mdl 32]} 41. Rc6 Qd8 42. Qc2 Rb3 43. Ra6 $2 {[#]} (43. Bd2 $11 {and White has nothing to worry.}) 43... Qb8 $2 (43... Nb5 $1 $19 44. Nd1 (44. Nxb5 $2 Rxe3 45. Qxc4 Re1+ 46. Kf2 Rb1 $19) 44... Na3) 44. Ra2 $2 {[%mdl 8192] [#]} (44. h3 $11) 44... Rxc3 $1 {[%mdl 512] Precision: White = 53%, Black = 58%.} 0-1